| 000 | 00899nam a22002177a 4500 | ||
|---|---|---|---|
| 003 | OSt | ||
| 005 | 20260313035546.0 | ||
| 008 | 260313b |||||||| |||| 00| 0 eng d | ||
| 020 | _a0-06-440205-3 | ||
| 040 |
_aDWCL GS lib _cOC |
||
| 082 | _aM22s 1985 | ||
| 100 | _aMACLACHLAN, PATRICIA | ||
| 245 |
_aSarah, plain and tail _cPATRICIA MACLACHLAN |
||
| 260 |
_aNew York _b Harper Trophy _c1985 |
||
| 300 |
_a58+11 p _c19 cm |
||
| 520 | _aSarah Wheaton, a woman from Maine who answers a prairie farmer’s advertisement for a wife. | ||
| 650 | _awinner of the 1986 Newbery Medal, tells the story of Sarah Elisabeth Wheaton, a woman from Maine who moves to the prairie to become a mail-order bride for a widowed farmer, Jacob Witting. | ||
| 650 | _athe power of love, courage, and adaptation to overcome loneliness and create a new family. | ||
| 700 | _aPATRICIA MACLACHLAN | ||
| 942 |
_2ddc _cFIC. _n0 |
||
| 999 |
_c9109 _d9109 |
||